书目信息 |
| 题名: |
畜产品安全知识
|
|
| 作者: | 王登临 主编 ;甘肃省农牧厅 编 | |
| 分册: | ||
| 出版信息: | 兰州 甘肃科学技术出版社 2005.07 |
|
| 页数: | 139页 | |
| 开本: | 19cm | |
| 丛书名: | ||
| 单 册: | ||
| 中图分类: | TS251 | |
| 科图分类: | ||
| 主题词: | 畜产品--无污染技术 | |
| 电子资源: | 书生公司 | |
| ISBN: | 978-7-5424-0830-3 | |
| 000 | 00852nam 2200241 i 450 | |
| 001 | CAL 0120110632380m | |
| 005 | 20111230191516.28 | |
| 010 | @a978-7-5424-0830-3@dCNY13.00 | |
| 100 | @a20110413d2005 km y0chiy01201213ea | |
| 101 | 0 | @achi |
| 102 | @aCN@b620100 | |
| 105 | @ay z 000yy | |
| 200 | 1 | @a畜产品安全知识@AChu Chan Pin An Quan Zhi Shi@f王登临主编@Fwang deng lin zhu bian |
| 210 | @a兰州@c甘肃科学技术出版社@d2005.07 | |
| 215 | @a139页@d19cm | |
| 606 | 0 | @a畜产品@x无污染技术 |
| 610 | 0 | @a畜产品@a无污染技术@a生产工艺 |
| 690 | 0 | @aTS251 |
| 701 | 0 | @a王登临@Awang deng lin@4主编 |
| 711 | 02 | @a甘肃省农牧厅@4编 |
| 801 | 0 | @aCN@b书生公司@c20111230@2cnmarc |
| 856 | 4 | @u210.47.36.5:9988/book_detail.action?bookId=305678&kindId=7476&kindCode=027004006000000000,210.47.36.5:9988@i请阅读书生图书资源@z书生公司 |
| 905 | @aZUCC@dTS251@eW140@f3 | |
| 畜产品安全知识/王登临主编.-兰州:甘肃科学技术出版社,2005.07 |
| 139页;19cm |
| ISBN 978-7-5424-0830-3:CNY13.00 |
| ● |
| 相关链接 |
|
|
|
正题名:畜产品安全知识
索取号:TS251/W140
 
预约/预借
| 序号 | 登录号 | 条形码 | 馆藏地/架位号 | 状态 | 备注 |
| 1 | 1193080 | 211930801 | 自科库501/501自科库 42排1列2层/ [索取号:TS251/W140] | 在馆 | |
| 2 | 1193081 | 211930810 | 自科库501/501自科库 42排1列2层/ [索取号:TS251/W140] | 在馆 | |
| 3 | 1193082 | 211930829 | 期刊室512/501自科库 42排1列2层/ [索取号:TS251/W140] | 在馆 |